UBT Library

Radiology of the heart and great vessels / (Record no. 46992)

000 -LEADER
fixed length control field 00695pam a2200229 i 4500
001 - CONTROL NUMBER
control field 2248271
005 - DATE AND TIME OF LATEST TRANSACTION
control field 20180810034529.0
008 - FIXED-LENGTH DATA ELEMENTS--GENERAL INFORMATION
fixed length control field 771011s1978 mdua b 001 0 eng
010 ## - LIBRARY OF CONGRESS CONTROL NUMBER
LC control number 77020171
020 ## - INTERNATIONAL STANDARD BOOK NUMBER
International Standard Book Number 0683021036
040 ## - CATALOGING SOURCE
Original cataloging agency DLC
Transcribing agency DLC
Modifying agency DLC
041 ## - LANGUAGE CODE
Language code of text/sound track or separate title eng
060 ## - NATIONAL LIBRARY OF MEDICINE CALL NUMBER
Classification number WG141 C774r
080 ## - UNIVERSAL DECIMAL CLASSIFICATION NUMBER
Universal Decimal Classification number 616.1207572
082 00 - DEWEY DECIMAL CLASSIFICATION NUMBER
Classification number 616.07/572/08 s
-- 616.1/2/07572
100 1# - Rafti
Rafti 6
101 ## - Shkurtesa
Shkurtesa rad
245 10 - TITLE STATEMENT
Title Radiology of the heart and great vessels /
Statement of responsibility, etc by Robert N. Cooley and Melvyn H. Schreiber ; with a section on coronary arteriography by Luis B. Morettin.
504 ## - BIBLIOGRAPHY, ETC. NOTE
Bibliography, etc Bibliography: p. 634-668.
906 ## - LOCAL DATA ELEMENT F, LDF (RLIN)
a 7
b cbc
c orignew
d 1
e ocip
f 19
g y-gencatlg
942 ## - ADDED ENTRY ELEMENTS (KOHA)
Source of classification or shelving scheme
Item type Books

No items available.

UBT Library © 2015-2024. All rights reserved University Education for Business and Technology